Holland on track for high-speed system (Record no. 74518)

MARC details
000 -LEADER
fixed length control field 01613cam a2200241 4500
001 - CONTROL NUMBER
control field X127209
008 - FIXED-LENGTH DATA ELEMENTS--GENERAL INFORMATION
fixed length control field 040831n2004 000 0 eng u
035 ## - SYSTEM CONTROL NUMBER
System control number (Sirsi) u127209
100 ## - MAIN ENTRY--PERSONAL NAME
Personal name Smulian, M.
245 ## - TITLE STATEMENT
Title Holland on track for high-speed system
260 ## - PUBLICATION, DISTRIBUTION, ETC.
Date of publication, distribution, etc. 2004
490 ## - SERIES STATEMENT
Series statement Axis
Volume/sequential designation 58(3) July/August 2004, 16-17(2)
520 ## - SUMMARY, ETC.
Summary, etc. Examines the New Key Projects, the railway station transformation programme at the heart of the Netherlands sustainable transport strategy, a programme gaining its impetus from the expected arrival of the European high-speed train network in 2007. All of the projects aim to create new central business areas around stations with the largest Amsterdam Zuidas forming the lynchpin of an entirely new quarter combining business, residential and leisure areas. Paying for long-term projects of this scale is well beyond government investment alone and experiments with PFI funding will be necessary. A voluntary process similar to planning gain will be used to get developers to contribute part of the increase in land values arising from the station developments. Amsterdam Zuidas has required the creation of a new business enterprise between the city council, bankers and developers with the government sharing the risk. Table covers government investment and project progress.
650 ## - SUBJECT ADDED ENTRY--TOPICAL TERM
Topical term or geographic name entry element PFI PROJECTS
650 ## - SUBJECT ADDED ENTRY--TOPICAL TERM
Topical term or geographic name entry element PLANNING GAIN
650 ## - SUBJECT ADDED ENTRY--TOPICAL TERM
Topical term or geographic name entry element LAND VALUES
650 ## - SUBJECT ADDED ENTRY--TOPICAL TERM
Topical term or geographic name entry element TRANSPORT DEVELOPMENT AREAS
650 ## - SUBJECT ADDED ENTRY--TOPICAL TERM
Topical term or geographic name entry element INNER CITY REGENERATION
650 ## - SUBJECT ADDED ENTRY--TOPICAL TERM
Topical term or geographic name entry element NETHERLANDS
650 ## - SUBJECT ADDED ENTRY--TOPICAL TERM
Topical term or geographic name entry element SUSTAINABLE TRANSPORT
690 ## - LOCAL SUBJECT ADDED ENTRY--TOPICAL TERM (OCLC, RLIN)
Topical term or geographic name as entry element TRANSPORT AND COMMUNICATIONS
942 ## - ADDED ENTRY ELEMENTS (KOHA)
Suppress in OPAC 0
Holdings
Withdrawn status Lost status Source of classification or shelving scheme Damaged status Not for loan Home library Current library Shelving location Date acquired Total Checkouts Full call number Barcode Date last seen Copy number Price effective from Koha item type
    Dewey Decimal Classification     London London Journal article 31/08/2004   X127209 127209-1001 06/08/2019 1 06/08/2019 Journal article